• 首页
  • 本馆介绍
  • 公告通知
  • 最新文献
  • 馆藏检索
  • 电子资源
  • 读者导购
  • 参考咨询
  • 我的图书馆
  • 登录
  • 详细信息显示
  • 放入我的书架
  • 预约/预借图书
  • 作者相关作品
  • 分类相关作品
  • 丛书相关作品
  • 出版社相关作品

书目信息

  • 表格格式
  • 工作单格式
  • 卡片格式
题名:
日本企业文化
    
 
作者: 陈都伟 著
分册:  
出版信息: 北京   中国社会科学出版社  2013
页数: 226页
开本: 24cm
丛书名:
单 册:
中图分类: F279.313.3
科图分类:
主题词: 企业文化--研究--日本 , 企业文化
电子资源:
ISBN: 978-7-5161-2929-6
000 01071nam0 2200253 450
001 523
005 20140909093222.54
010    @a978-7-5161-2929-6@dCNY40.00
100    @a20131227d2013 em y0chiy50 ea
101 0  @achi
102    @aCN@b110000
105    @ay z 000yy
106    @ar
200 1  @a日本企业文化@ARi Ben Qi Ye Wen Hua@e结合管理学和政治经济学的研究@EJie He Guan Li Xue He Zheng Zhi Jing Ji Xue De Yan Jiu@f陈都伟著@FChen Dou Wei Zhu
210    @a北京@c中国社会科学出版社@d2013
215    @a226页@d24cm
330    @a本书首先结合战后日本经济的发展过程,介绍旧的企业文化,然后再介绍泡沫崩溃和结构改革过后的新企业文化。接下来以专题分析的形式介绍具体的企业文化现象,分别为终身雇佣制、年功序列制、企业别工会、日本式公司治理、企业集团、财阀式企业联盟。
517 1  @a结合管理学和政治经济学的研究@AJie He Guan Li Xue He Zheng Zhi Jing Ji Xue De Yan Jiu
606 0  @a企业文化@x研究@y日本
606 0  @a企业文化
690    @aF279.313.3@v5
701  0 @a陈都伟@AChen Dou Wei@4著
801  0 @aCN@bTANGWEI@c20140603
905    @b0838237-39@dF279.313.3@e1165@f3
    
    日本企业文化:结合管理学和政治经济学的研究/陈都伟著.-北京:中国社会科学出版社,2013
    226页;24cm
    
    
    ISBN 978-7-5161-2929-6:CNY40.00
    本书首先结合战后日本经济的发展过程,介绍旧的企业文化,然后再介绍泡沫崩溃和结构改革过后的新企业文化。接下来以专题分析的形式介绍具体的企业文化现象,分别为终身雇佣制、年功序列制、企业别工会、日本式公司治理、企业集团、财阀式企业联盟。
●
相关链接 在E读中查询图书 在五车中查询图书 在当当中查询图书 在豆瓣中查询图书


正题名:日本企业文化     索取号:F279.313.3/1165         预约/预借

序号 登录号 条形码 馆藏地/架位号 状态 备注
1 0838237   208382374   第一样本阅览室/ [索取号:F279.313.3/1165] 在馆    
2 0838238   208382383   第一借阅区/ [索取号:F279.313.3/1165] 在馆    
3 0838239   208382392   密集书库-海洋学院/ [索取号:F279.313.3/1165] 在馆    
唐山师范学院图书馆 欢迎您!
大连网信软件有限公司© 版权所有